Statistics for Countries in Call of Duty

Click here to take the quiz!

General Stats

  • This quiz has been taken 12 times
  • The average score is 13 of 26

Answer Stats

Continent Country % Correct
North AmericaUnited States of America
89%
North AmericaCanada
89%
AsiaAfghanistan
78%
EuropeFrance
78%
EuropeUnited Kingdom
78%
Asia/ EuropeRussia
78%
EuropeGermany
78%
AfricaEgypt
78%
AsiaJapan
67%
EuropeItaly
67%
AsiaChina
67%
AsiaPakistan
56%
AsiaIndia
56%
AsiaIran
44%
EuropePoland
44%
North AmericaCuba
33%
AsiaNorth Korea
33%
AsiaSouth Korea
33%
EuropeBelgium
33%
EuropeAustria
33%
AsiaYemen
33%
EuropeCzech Republic
22%
AfricaAngola
22%
North AmericaPanama
22%
AsiaSingapore
22%
EuropeSwitzerland
11%

Score Distribution

Percentile by Number Answered

Percent of People with Each Score

Your Score History

You have not taken this quiz